<?xml version="1.0" encoding="UTF-8"?>
<record
    xmlns:xsi="http://www.w3.org/2001/XMLSchema-instance"
    xsi:schemaLocation="http://www.loc.gov/MARC21/slim http://www.loc.gov/standards/marcxml/schema/MARC21slim.xsd"
    xmlns="http://www.loc.gov/MARC21/slim">

  <leader>01619nam a2200265 a 4500</leader>
  <controlfield tag="008">150220s2012    ||||||||||||||||| ||    u</controlfield>
  <datafield tag="020" ind1=" " ind2=" ">
    <subfield code="a">9781437715286</subfield>
  </datafield>
  <datafield tag="050" ind1=" " ind2=" ">
    <subfield code="a">QR 185.5 Abb</subfield>
  </datafield>
  <datafield tag="100" ind1=" " ind2=" ">
    <subfield code="a">Abbas, Abul K</subfield>
  </datafield>
  <datafield tag="245" ind1="1" ind2="0">
    <subfield code="a">Cellular and molecular immunology. (7th ed.)</subfield>
    <subfield code="c">By Abul K. Abbas, Andrew H. Lichtman [and] Shiv Pillai</subfield>
  </datafield>
  <datafield tag="250" ind1=" " ind2=" ">
    <subfield code="a">7th ed.</subfield>
  </datafield>
  <datafield tag="260" ind1=" " ind2=" ">
    <subfield code="a">Philadelphia</subfield>
    <subfield code="b">Elsevier Saunders</subfield>
    <subfield code="c">2012</subfield>
  </datafield>
  <datafield tag="300" ind1=" " ind2=" ">
    <subfield code="a">x, 545p.: ill.</subfield>
  </datafield>
  <datafield tag="350" ind1=" " ind2=" ">
    <subfield code="a">92.95</subfield>
  </datafield>
  <datafield tag="650" ind1=" " ind2=" ">
    <subfield code="a">ANTIBODY FORMATION--IMMUNOLOGY</subfield>
  </datafield>
  <datafield tag="650" ind1=" " ind2=" ">
    <subfield code="a">IMMUNE SYSTEMS DISEASES--IMMUNOLOGY</subfield>
  </datafield>
  <datafield tag="650" ind1=" " ind2=" ">
    <subfield code="a">LYMPHOCYTES--IMMUNOLOGY</subfield>
  </datafield>
  <datafield tag="650" ind1=" " ind2=" ">
    <subfield code="a">ANTIGENS--IMMUNOLOGY</subfield>
  </datafield>
  <datafield tag="650" ind1=" " ind2=" ">
    <subfield code="a">IMMUNITY, CELLULAR</subfield>
  </datafield>
  <datafield tag="995" ind1=" " ind2=" ">
    <subfield code="a">MEDICAL LIBRARY OPEN ACCESS</subfield>
    <subfield code="e">902856</subfield>
    <subfield code="F">CBU-SCHOOL OF MEDICINE LIBRARY (Ndola)</subfield>
    <subfield code="I">92.95</subfield>
    <subfield code="j">QR 185.5 Abb</subfield>
    <subfield code="M">5</subfield>
    <subfield code="U">AVAILABLE</subfield>
    <subfield code="W">Mar 10, 2015</subfield>
    <subfield code="y">902856</subfield>
    <subfield code="Z">Medical Library Open Access Collection</subfield>
  </datafield>
  <datafield tag="995" ind1=" " ind2=" ">
    <subfield code="a">MICHAEL CHILUFYA SATA OPEN ACCESS</subfield>
    <subfield code="e">902855</subfield>
    <subfield code="F">CBU-SCHOOL OF MEDICINE LIBRARY (Ndola)</subfield>
    <subfield code="I">92.95</subfield>
    <subfield code="j">QR 185.5 Abb</subfield>
    <subfield code="M">4</subfield>
    <subfield code="U">AVAILABLE</subfield>
    <subfield code="W">Mar 10, 2015</subfield>
    <subfield code="y">902855</subfield>
    <subfield code="Z">Medical Library Open Access Collection</subfield>
  </datafield>
  <datafield tag="995" ind1=" " ind2=" ">
    <subfield code="a">MICHAEL CHILUFYA SATA OPEN ACCESS</subfield>
    <subfield code="e">902853</subfield>
    <subfield code="F">CBU-SCHOOL OF MEDICINE LIBRARY (Ndola)</subfield>
    <subfield code="I">92.95</subfield>
    <subfield code="j">QR 185.5 Abb</subfield>
    <subfield code="M">2</subfield>
    <subfield code="U">AVAILABLE</subfield>
    <subfield code="W">Mar 10, 2015</subfield>
    <subfield code="y">902853</subfield>
    <subfield code="Z">Medical Library Open Access Collection</subfield>
  </datafield>
  <datafield tag="995" ind1=" " ind2=" ">
    <subfield code="a">MICHAEL CHILUFYA SATA OPEN ACCESS</subfield>
    <subfield code="e">902854</subfield>
    <subfield code="F">CBU-SCHOOL OF MEDICINE LIBRARY (Ndola)</subfield>
    <subfield code="I">92.95</subfield>
    <subfield code="j">QR 185.5 Abb</subfield>
    <subfield code="M">3</subfield>
    <subfield code="U">AVAILABLE</subfield>
    <subfield code="W">Mar 10, 2015</subfield>
    <subfield code="y">902854</subfield>
    <subfield code="Z">Medical Library Open Access Collection</subfield>
  </datafield>
  <datafield tag="995" ind1=" " ind2=" ">
    <subfield code="a">MEDICAL LIBRARY OPEN ACCESS</subfield>
    <subfield code="e">902852</subfield>
    <subfield code="F">CBU-SCHOOL OF MEDICINE LIBRARY (Ndola)</subfield>
    <subfield code="I">92.95</subfield>
    <subfield code="j">QR 185.5 Abb</subfield>
    <subfield code="M">1</subfield>
    <subfield code="U">AVAILABLE</subfield>
    <subfield code="W">Mar 10, 2015</subfield>
    <subfield code="y">902852</subfield>
    <subfield code="Z">Medical Library Open Access Collection</subfield>
  </datafield>
  <datafield tag="999" ind1=" " ind2=" ">
    <subfield code="c">63970</subfield>
    <subfield code="d">63970</subfield>
  </datafield>
  <datafield tag="952" ind1=" " ind2=" ">
    <subfield code="0">0</subfield>
    <subfield code="1">0</subfield>
    <subfield code="2">lcc</subfield>
    <subfield code="4">0</subfield>
    <subfield code="7">0</subfield>
    <subfield code="a">002</subfield>
    <subfield code="b">002</subfield>
    <subfield code="c">Medical Library Open Access Collection</subfield>
    <subfield code="d">2023-02-01</subfield>
    <subfield code="l">0</subfield>
    <subfield code="o">QR 185.5 Abb</subfield>
    <subfield code="p">902856</subfield>
    <subfield code="r">2023-02-01</subfield>
    <subfield code="t">1</subfield>
    <subfield code="w">2023-02-01</subfield>
    <subfield code="y">002</subfield>
  </datafield>
  <datafield tag="952" ind1=" " ind2=" ">
    <subfield code="0">0</subfield>
    <subfield code="1">0</subfield>
    <subfield code="2">lcc</subfield>
    <subfield code="4">0</subfield>
    <subfield code="7">0</subfield>
    <subfield code="a">008</subfield>
    <subfield code="b">008</subfield>
    <subfield code="c">MCS Library Open Access Collection</subfield>
    <subfield code="d">2023-02-01</subfield>
    <subfield code="l">0</subfield>
    <subfield code="o">QR 185.5 Abb</subfield>
    <subfield code="p">902855</subfield>
    <subfield code="r">2023-02-01</subfield>
    <subfield code="t">2</subfield>
    <subfield code="w">2023-02-01</subfield>
    <subfield code="y">002</subfield>
  </datafield>
  <datafield tag="952" ind1=" " ind2=" ">
    <subfield code="0">0</subfield>
    <subfield code="1">0</subfield>
    <subfield code="2">lcc</subfield>
    <subfield code="4">0</subfield>
    <subfield code="7">0</subfield>
    <subfield code="a">008</subfield>
    <subfield code="b">008</subfield>
    <subfield code="c">MCSl Library Open Access Collection</subfield>
    <subfield code="d">2023-02-01</subfield>
    <subfield code="l">0</subfield>
    <subfield code="o">QR 185.5 Abb</subfield>
    <subfield code="p">902853</subfield>
    <subfield code="r">2023-02-01</subfield>
    <subfield code="t">3</subfield>
    <subfield code="w">2023-02-01</subfield>
    <subfield code="y">002</subfield>
  </datafield>
  <datafield tag="952" ind1=" " ind2=" ">
    <subfield code="0">0</subfield>
    <subfield code="1">0</subfield>
    <subfield code="2">lcc</subfield>
    <subfield code="4">0</subfield>
    <subfield code="7">0</subfield>
    <subfield code="a">008</subfield>
    <subfield code="b">008</subfield>
    <subfield code="c">MCS Library Open Access Collection</subfield>
    <subfield code="d">2023-02-01</subfield>
    <subfield code="l">0</subfield>
    <subfield code="o">QR 185.5 Abb</subfield>
    <subfield code="p">902854</subfield>
    <subfield code="r">2023-02-01</subfield>
    <subfield code="t">4</subfield>
    <subfield code="w">2023-02-01</subfield>
    <subfield code="y">002</subfield>
  </datafield>
  <datafield tag="952" ind1=" " ind2=" ">
    <subfield code="0">0</subfield>
    <subfield code="1">0</subfield>
    <subfield code="2">lcc</subfield>
    <subfield code="4">0</subfield>
    <subfield code="7">0</subfield>
    <subfield code="a">002</subfield>
    <subfield code="b">002</subfield>
    <subfield code="c">Medical Library Open Access Collection</subfield>
    <subfield code="d">2023-02-01</subfield>
    <subfield code="l">0</subfield>
    <subfield code="o">QR 185.5 Abb</subfield>
    <subfield code="p">902852</subfield>
    <subfield code="r">2023-02-01</subfield>
    <subfield code="t">5</subfield>
    <subfield code="w">2023-02-01</subfield>
    <subfield code="y">002</subfield>
  </datafield>
</record>
